00846nam a2200193Ia 4500001001000000003000500010008004100015010001100056040000900067100003100076245025300107260003400360300001000394502010300404650003000507650003500537650003000572710005000602Para_8713CHAP220125s2002 xx 000 0 und d a207531 cCHAP aPacheco Sánchez, Cinthia aEfectividad biológica de los entomopatógenos Beauveria bassiana (Bals.) Vuill. y Metharhizium anisopliae (Metsch.) Sor., sobre el picudo de agave tequilero Scyphophorus acupnctatus Gyll., en Atotonilco, Jalisco /c por Cinthia Pacheco Sánchez aChapingo, Méx. :b el autor a69 p. aTesis (Ing. Agr. Esp. en Parasitología Agrícola). UACh Departamento Parasitología Agrícola 0aAgave tequilana xPlagas  aControl biológico de plagas  aScyphophorus acupuntactus aUACh. Departamento Parasitología Agrícola